Joueurs de foot dans leur enfance - Statistiques

Statistiques générales
  • Ce quiz a été pris 324 fois
  • Le résultat moyen est 10 sur 16
Statistiques - réponses
Par images Réponse % Correct
Cristiano Ronaldo
97%
Antoine Griezmann
93%
Harry Kane
89%
Kevin Debruyne
89%
Phil Foden
82%
Ngolo Kante
75%
Memphis Depay
69%
Van Persie
61%
Franck Ribery
58%
Luka Modric
51%
Marco Verratti
49%
Eden Hazard
47%
Zlatan Ibrahimović
41%
Vinicius
37%
Diego Maradona
31%
Matthieu Valbuena
11%
Aucun quiz correspondant
Distribution des résultats
% des personnes avec chaque résultat
Percentile par nombre de réponses
Votre historique - résultats
Vous n’avez pas pris ce quiz